Biathlon Disziplinen - Statistiken

Allgemein
  • Dieses Quiz wurde 48 mal gespielt
  • Das Durchschnittsergebnis liegt bei 6 aus 7
Antwortstatistiken
Disziplin % Korrekt
Sprint
98%
Einzel
93%
Massenstart
93%
Staffel
93%
Verfolgung
91%
Mixed-Staffel
75%
Single-Mixed-Staffel
61%
Keine übereinstimmenden Quizze gefunden
Verteilung der Resultate
Anzahl Personen mit jedem Resultat
Perzentil nach korrekt beantworteten Fragen
Ihre Resultats-Entwicklung
Sie haben dieses Quiz noch nicht gespielt